Ξένοι εργάτες στο νομό Καβάλας : επιπτώσεις στην τοπική οικονομία και κοινωνία
Αποθηκεύτηκε σε:
| Άλλοι συγγραφείς: | |
|---|---|
| Μορφή: | Βιβλίο |
| Γλώσσα: | Greek |
| Δημοσίευση: |
Καβάλα :
Τεχνολογικό Εκπαιδευτικό Ιδρυμα Καβάλας, Σχολή Διοίκησης και Οικονομίας,
1996.
|
| Θέματα: | |
| Ετικέτες: |
Προσθήκη ετικέτας
Δεν υπάρχουν, Καταχωρήστε ετικέτα πρώτοι!
|
MARC
| LEADER | 00000cam a2200000 i 4500 | ||
|---|---|---|---|
| 001 | 1/10914 | ||
| 008 | 970613s1996 gr ||| | gre|| | ||
| 020 | |a 9603630039 | ||
| 035 | |1 ΠΑΡ |a 1997 |l 10018056 | ||
| 040 | |a GR-MY-UA |b gre |e aacr | ||
| 041 | 0 | |a gre | |
| 082 | 0 | |a 331.6209495 | |
| 245 | 1 | 0 | |a Ξένοι εργάτες στο νομό Καβάλας : |b επιπτώσεις στην τοπική οικονομία και κοινωνία / |c Καρασαβόγλου Αναστάσιος...[κ.ά]. |
| 260 | |a Καβάλα : |b Τεχνολογικό Εκπαιδευτικό Ιδρυμα Καβάλας, Σχολή Διοίκησης και Οικονομίας, |c 1996. | ||
| 300 | |a 62 σ. |b πιν.; σχεδ. | ||
| 504 | |a Περιέχει βιβλιογραφία. | ||
| 650 | 0 | 0 | |a Alien labor |z Greece |z Kavala |x Social aspects. |
| 650 | 0 | 0 | |a Alien labor |z Greece |z Kavala |x Economic aspects. |
| 700 | 1 | |a Karasavvoglou, Anastasios G. | |
| 852 | |a INST |b LESVOS |e 19970613 |h 331.62094956 ΞΕΝ |p 005100011002 |q 005100011002 |t BK |y 0 | ||
| 852 | |a INST |b LESVOS |e 19970613 |h 331.62094956 ΞΕΝ |p 005100011003 |q 005100011003 |t BK |y 0 | ||
| 852 | |a INST |b RHODES |e 20000426 |h 331.62094956 ΞΕΝ |p 005400013466 |q 005400013466 |t BK |y 0 | ||
| 852 | |a INST |b RHODES |e 20000426 |h 331.62094956 ΞΕΝ |p 005400013467 |q 005400013467 |t BK |y 0 | ||
| 901 | |a BIBL4-2000-1 | ||
| 909 | |a Λ |b 050173 | ||
| 909 | |a Λ |b 050174 | ||
| 909 | |a Ρ |b 073838 | ||
| 909 | |a Ρ |b 073839 | ||
| 922 | |a 1ΕΛΗ |b 199706 | ||
| 922 | |a 4ΕΛΗ |b 200004 |c ΔΩΡΕΑ | ||